00443 2200169 4500001002100000005001500021035002000036245004300056100001600099250000600115300001800121260006200139082001600201084002200217020001800239650001600257INLIS00000000000202920250320011013 a0010-03250000741 anasi basi tidak sia-sia /crose, happy1 arose, happy a1 a28 ;c21 x 29 ajakarta :bbadan pengembangan dan pembinaan bahasa,c2023 a398.209 598 a398.209 598 ROS n a9786231188564 4acerita anak